000 00890cam a22002413a 4500
001 464
003 PGUSA
005 20140828082948.0
008 960301s1996||||xxu|||||s|||||000 | eng d
040 _aPGUSA
_beng
042 _adc
050 4 _aPR
100 1 _aStevenson, Robert Louis,
_d1850-1894
245 1 0 _aIn the South Seas :
_bBeing an Account of Experiences and Observations in the Marquesas, Paumotus and Gilbert Islands in the Course of Two Cruises on the Yacht "Casco" (1888) and the Schooner "Equator" (1889)
_h[electronic resource] /
_cRobert Louis Stevenson
260 _bProject Gutenberg,
_c1996
506 _aPublic domain in the USA.
516 _aElectronic text
653 _aOceania -- Description and travel
653 _aPolynesia -- Description and travel
830 0 _aProject Gutenberg
_v464
856 4 0 _uhttp://www.gutenberg.org/ebooks/464
942 _cEB
999 _c229815
_d229815